[Event "World Rapid 2015"]
[Site "Berlin GER"]
[Date "2015.10.11"]
[Round "8.62"]
[White "Ladva, Ottomar"]
[Black "Naumann, Alexander"]
[Result "1-0"]
[WhiteElo "2423"]
[BlackElo "2545"]
[PlyCount "111"]
[EventDate "2015.10.10"]
[EventType "rapid"]

1. d4 d5 2. c4 c6 3. Nf3 Nf6 4. e3 Bf5 5. Nc3 e6 6. Nh4 Be4 7. f3 Bg6 8. Qb3
Qc7 9. Bd2 Nbd7 10. cxd5 exd5 11. O-O-O Be7 12. Nxg6 hxg6 13. e4 dxe4 14. fxe4
Nb6 15. g3 Ng4 16. Be2 Nf2 17. Rdf1 Nxh1 18. Qxf7+ Kd8 19. Qxg7 Re8 20. Qxg6
Nxg3 21. hxg3 Qd6 22. Qg4 Rf8 23. Rxf8+ Bxf8 24. Qg8 Nd7 25. Bg5+ Kc8 26. Bg4
Kc7 27. Qc4 Qxg3 28. Nd5+ Kc8 29. Nf6 Qe1+ 30. Kc2 Qf2+ 31. Kc3 Qg3+ 32. Qd3
Bb4+ 33. Kc2 Qxd3+ 34. Kxd3 Be7 35. Bxd7+ Kc7 36. Bf5 Rh8 37. Nd5+ cxd5 38.
Bxe7 dxe4+ 39. Bxe4 Rh2 40. Ba3 Rh3+ 41. Kc4 a6 42. d5 b5+ 43. Kd4 Rh4 44. Bc5
Rh2 45. d6+ Kd7 46. Bf5+ Kc6 47. Be4+ Kd7 48. Kd5 Rh5+ 49. Kd4 Rh2 50. b4 Rxa2
51. Kd5 Rd2+ 52. Bd4 a5 53. Bf5+ Kd8 54. bxa5 b4 55. Kc4 b3 56. a6 1-0

[Event "World Rapid 2015"]
[Site "Berlin GER"]
[Date "2015.10.11"]
[Round "8.63"]
[White "Przybylski, Wojciech"]
[Black "Olafsson, Helgi"]
[Result "1/2-1/2"]
[WhiteElo "2354"]
[BlackElo "2549"]
[PlyCount "61"]
[EventDate "2015.10.10"]
[EventType "rapid"]

1. e4 e5 2. Nf3 Nc6 3. Nc3 Nf6 4. d4 exd4 5. Nxd4 Bb4 6. Nxc6 bxc6 7. Bd3 d5 8.
exd5 Qe7+ 9. Qe2 Nxd5 10. Qxe7+ Kxe7 11. Bg5+ f6 12. Bd2 Nxc3 13. bxc3 Ba5 14.
Be4 Bd7 15. c4 Bxd2+ 16. Kxd2 Rab8 17. Kc3 Rb6 18. Rhb1 c5 19. Rb3 f5 20. Bd5
a5 21. Re1+ Kf6 22. f4 Re8 23. Rxb6+ cxb6 24. Rb1 Rb8 25. g3 h6 26. h4 g5 27.
Rh1 Kg6 28. Kd2 g4 29. Re1 Kf6 30. Rh1 Kg6 31. Re1 1/2-1/2

[Event "World Rapid 2015"]
[Site "Berlin GER"]
[Date "2015.10.11"]
[Round "8.64"]
[White "Meister, Jakob"]
[Black "Godena, Michele"]
[Result "0-1"]
[WhiteElo "2437"]
[BlackElo "2513"]
[PlyCount "139"]
[EventDate "2015.10.10"]
[EventType "rapid"]

1. d4 d5 2. Bf4 Bf5 3. e3 e6 4. g4 Be4 5. f3 Bg6 6. h4 h5 7. g5 Bd6 8. Ne2 Ne7
9. Nbc3 Nbc6 10. Qd2 e5 11. Bh2 exd4 12. exd4 Nf5 13. O-O-O O-O 14. Bxd6 Qxd6
15. Nb5 Qd8 16. Bh3 a6 17. Nbc3 Re8 18. Bxf5 Bxf5 19. Ng3 Qd7 20. Nce2 g6 21.
Nf4 Kf8 22. Rhe1 a5 23. a3 b6 24. Ng2 Bh3 25. Nf4 Be6 26. Re2 Qd6 27. Rde1 Bd7
28. Rxe8+ Rxe8 29. Rxe8+ Bxe8 30. Qe3 Bd7 31. Nfe2 Be6 32. f4 Bg4 33. Nc3 Nd8
34. Qe5 Qxe5 35. fxe5 c6 36. Kd2 Ne6 37. Ke3 Ke7 38. Na4 c5 39. c3 cxd4+ 40.
cxd4 b5 41. Nc5 Nd8 42. Nf1 Bh3 43. Nd2 Nc6 44. Nb1 b4 45. Nd2 Kd8 46. Ndb3 Kc7
47. Nd3 Kb6 48. Nf4 Be6 49. Nc5 bxa3 50. bxa3 Ne7 51. Ncxe6 fxe6 52. Nxe6 Nf5+
53. Kf4 Nxh4 54. Ng7 Ng2+ 55. Kg3 Ne3 56. e6 Nc4 57. e7 Nd6 58. e8=Q Nxe8 59.
Nxe8 Kb5 60. Nf6 Ka4 61. Nxd5 Kxa3 62. Nc3 Kb4 63. d5 Kc5 64. Kf4 Kd6 65. Ke4
Kd7 66. Ke5 Ke7 67. Na4 Kd7 68. Nc5+ Kc7 69. d6+ Kc6 70. d7 0-1

[Event "World Rapid 2015"]
[Site "Berlin GER"]
[Date "2015.10.11"]
[Round "8.65"]
[White "Breutigam, Martin"]
[Black "Handke, Florian"]
[Result "1-0"]
[WhiteElo "2380"]
[BlackElo "2531"]
[PlyCount "129"]
[EventDate "2015.10.10"]
[EventType "rapid"]

1. d4 d5 2. Bg5 h6 3. Bh4 c6 4. e3 Qb6 5. b3 Bf5 6. Nf3 e6 7. Bd3 Bxd3 8. Qxd3
Nd7 9. O-O Ngf6 10. c4 Be7 11. Nc3 O-O 12. c5 Qd8 13. b4 Re8 14. b5 e5 15. bxc6
e4 16. Qc2 bxc6 17. Nd2 Nh5 18. Bxe7 Rxe7 19. Rab1 f5 20. f4 exf3 21. Rxf3 g6
22. Qa4 Qc7 23. Nf1 Ndf6 24. h3 Ne4 25. Nxe4 fxe4 26. Rf2 Rf8 27. Rxf8+ Kxf8
28. Qb3 Kg7 29. Qb8 Qd7 30. a4 Nf6 31. a5 Qc7 32. a6 Qxb8 33. Rxb8 Ne8 34. Rb7
Kf7 35. Nd2 Rc7 36. Nb3 Ke7 37. Na5 Kd7 38. Rb8 Ng7 39. Rg8 Nf5 40. Kf2 Ne7 41.
Rh8 h5 42. Nb7 Rc8 43. Rh7 Rf8+ 44. Ke2 Ke6 45. g4 hxg4 46. hxg4 Rb8 47. Rh1
Rf8 48. Rb1 Rh8 49. Rf1 Rh2+ 50. Rf2 Rh1 51. Nd8+ Kd7 52. Nf7 Ra1 53. Ne5+ Ke6
54. Rf8 Ra2+ 55. Ke1 Rxa6 56. g5 Ra1+ 57. Kd2 Ra2+ 58. Kc1 Nf5 59. Rf6+ Ke7 60.
Nxg6+ Ke8 61. Rxf5 Re2 62. Rf8+ Kd7 63. Ne5+ Ke7 64. Rf7+ Ke8 65. g6 1-0

[Event "World Rapid 2015"]
[Site "Berlin GER"]
[Date "2015.10.11"]
[Round "8.66"]
[White "Carstensen, Jacob"]
[Black "Hjartarson, Johann"]
[Result "0-1"]
[WhiteElo "2352"]
[BlackElo "2529"]
[PlyCount "62"]
[EventDate "2015.10.10"]
[EventType "rapid"]

1. d4 Nf6 2. c4 e6 3. Nf3 Bb4+ 4. Bd2 a5 5. g3 d6 6. Bg2 Nbd7 7. O-O e5 8. Nc3
exd4 9. Nxd4 O-O 10. Qc2 Re8 11. Rad1 Ne5 12. Nd5 Nxd5 13. cxd5 Bc5 14. Bc3 Bd7
15. h3 h5 16. Nb3 Bb6 17. Bd4 a4 18. Nc1 Bxd4 19. Rxd4 Rc8 20. f4 Ng6 21. f5
Qf6 22. Qd2 Ne5 23. Rh4 c5 24. Kh2 b5 25. b3 axb3 26. axb3 c4 27. e4 cxb3 28.
Nxb3 Rc3 29. Qd1 Qg5 30. Kh1 Rd3 31. Rxh5 Qe3 0-1

[Event "World Rapid 2015"]
[Site "Berlin GER"]
[Date "2015.10.11"]
[Round "8.67"]
[White "Munoz Pantoja, Miguel"]
[Black "Hirneise, Tobias"]
[Result "1/2-1/2"]
[WhiteElo "2441"]
[BlackElo "2457"]
[PlyCount "91"]
[EventDate "2015.10.10"]
[EventType "rapid"]

1. e4 e5 2. Nf3 Nc6 3. Bc4 Bc5 4. b4 Bxb4 5. c3 Ba5 6. d4 d6 7. Qb3 Qd7 8. dxe5
Bb6 9. Bb5 Nge7 10. O-O O-O 11. exd6 cxd6 12. Bf4 Bc5 13. Nbd2 Qg4 14. Bg3 Be6
15. Qc2 f5 16. exf5 Nxf5 17. Qe4 Nxg3 18. hxg3 Qxe4 19. Nxe4 Bd5 20. Nxc5 dxc5
21. Nd2 a6 22. Be2 Rfe8 23. Rfe1 Rad8 24. Nf1 Bf7 25. Ne3 Rd2 26. Bc4 Bxc4 27.
Nxc4 Rde2 28. Kf1 Rxe1+ 29. Rxe1 Rxe1+ 30. Kxe1 Kf8 31. Nd6 Nd8 32. Kd2 Ke7 33.
Ne4 Ne6 34. f4 b6 35. f5 Nc7 36. c4 Ne8 37. Kd3 Nd6 38. g4 h6 39. Nc3 Kf6 40.
Nd5+ Kg5 41. Nxb6 Kxg4 42. Nd7 Nb7 43. Ke4 Nd6+ 44. Kd3 Nb7 45. Ke4 Nd6+ 46.
Kd3 1/2-1/2

[Event "World Rapid 2015"]
[Site "Berlin GER"]
[Date "2015.10.11"]
[Round "8.68"]
[White "Berend, Elvira"]
[Black "Sethuraman, S.P."]
[Result "1-0"]
[WhiteElo "2370"]
[BlackElo "2640"]
[PlyCount "87"]
[EventDate "2015.10.10"]
[EventType "rapid"]

1. d4 d6 2. c4 e5 3. Nc3 exd4 4. Qxd4 Nc6 5. Qd2 Nf6 6. b3 g6 7. Bb2 Bg7 8. g3
O-O 9. Bg2 Re8 10. Nh3 Bf5 11. O-O a5 12. Nf4 Rb8 13. Ncd5 Nd7 14. Bxg7 Kxg7
15. f3 Be6 16. Qc3+ Kg8 17. e4 Nce5 18. Qxa5 b6 19. Qc3 c6 20. Ne3 Qf6 21. Qd2
Nc5 22. Rad1 Rbd8 23. Qc2 Bc8 24. Ne2 h5 25. b4 Ne6 26. b5 Bb7 27. f4 Nd7 28.
bxc6 Bxc6 29. e5 dxe5 30. Bxc6 Nd4 31. Nxd4 exd4 32. Bxd7 Rxe3 33. Bh3 d3 34.
Qf2 Re2 35. Qf3 Qd4+ 36. Kh1 f5 37. Bg2 Kg7 38. Rg1 Kh6 39. Qxe2 dxe2 40. Rxd4
Rxd4 41. Bf3 Rxc4 42. Re1 Rc3 43. Kg2 h4 44. gxh4 1-0

[Event "World Rapid 2015"]
[Site "Berlin GER"]
[Date "2015.10.11"]
[Round "8.69"]
[White "Rasmussen, Allan Stig"]
[Black "Carow, Johannes"]
[Result "0-1"]
[WhiteElo "2498"]
[BlackElo "2431"]
[PlyCount "69"]
[EventDate "2015.10.10"]
[EventType "rapid"]

1. d4 Nf6 2. Nf3 g6 3. c4 Bg7 4. Nc3 d5 5. e3 O-O 6. Be2 c5 7. dxc5 Qa5 8. Bd2
Qxc5 9. b4 Qc6 10. Nd4 Qd7 11. O-O e5 12. Nb3 dxc4 13. Bxc4 b6 14. Qe2 Bb7 15.
Rfd1 Qc6 16. e4 Rc8 17. Bd5 Nxd5 18. Nxd5 Qe6 19. Rac1 Nc6 20. b5 Nd4 21. Nxd4
exd4 22. Nc7 Rxc7 23. Rxc7 Bxe4 24. Bb4 Qd5 25. f3 Bf5 26. Rxa7 Rd8 27. a4 d3
28. Qe1 h5 29. Re7 Qb3 30. Ra7 h4 31. Bd2 h3 32. g4 Bd4+ 33. Kf1 Bxg4 34. Rb1
Bxf3 35. Be3 0-1

[Event "World Rapid 2015"]
[Site "Berlin GER"]
[Date "2015.10.11"]
[Round "8.70"]
[White "Valdes Romero, Leonardo"]
[Black "Seel, Christian"]
[Result "1-0"]
[WhiteElo "2362"]
[BlackElo "2474"]
[PlyCount "159"]
[EventDate "2015.10.10"]
[EventType "rapid"]

1. Nf3 Nf6 2. g3 g6 3. Bg2 Bg7 4. O-O O-O 5. c4 d5 6. cxd5 Nxd5 7. Nc3 c5 8.
Nxd5 Qxd5 9. d3 Nc6 10. Be3 Qd6 11. Rc1 Nd4 12. Nxd4 cxd4 13. Bd2 Bg4 14. h3
Be6 15. Qa4 Bd5 16. Bb4 Qe6 17. Bxd5 Qxd5 18. Rc2 Rfe8 19. h4 Bh6 20. Rc5 Qe6
21. Re1 b6 22. Rc7 a5 23. Ba3 Rac8 24. Rxc8 Rxc8 25. Qxd4 b5 26. b3 Bg7 27. Qa7
b4 28. Bc1 Bc3 29. Rf1 Qxe2 30. Qxa5 Bd4 31. Qg5 Rc2 32. Be3 Bxe3 33. Qxe3 Rxa2
34. Qc5 Qxd3 35. Qxb4 Qd7 36. Qb6 Ra7 37. Rc1 Rb7 38. Qe3 Qd5 39. Rc3 e6 40.
Rd3 Qa5 41. Qf3 Qc7 42. Qf6 Rb8 43. h5 Re8 44. Rf3 Qe7 45. Qe5 gxh5 46. Qxh5
Rd8 47. Rf4 f5 48. Rc4 Rb8 49. Qf3 Qb7 50. Qe3 Re8 51. Rd4 Qe7 52. Rf4 Qd7 53.
Rd4 Qc7 54. Rc4 Qd7 55. Rd4 Qc7 56. Qd2 Rc8 57. Rc4 Qb7 58. Qg5+ Kf7 59. Rh4
Rh8 60. Qh5+ Kg8 61. Rd4 Kg7 62. Qg5+ Kf7 63. Qh5+ Kg7 64. Qd1 Qc8 65. Rd7+ Kg6
66. Qd4 Rg8 67. Rd6 Re8 68. b4 Qc1+ 69. Kg2 Qc8 70. Kh2 Qc2 71. b5 Qb3 72. b6
Kf7 73. Qh4 Kg6 74. Qd4 Kf7 75. Rd7+ Re7 76. Rd8 e5 77. Qh4 Qf3 78. Qxh7+ Kf6
79. Qh6+ Kf7 80. Rf8# 1-0

[Event "World Rapid 2015"]
[Site "Berlin GER"]
[Date "2015.10.11"]
[Round "8.71"]
[White "Sanal, Vahap"]
[Black "Polzin, Rainer"]
[Result "0-1"]
[WhiteElo "2501"]
[BlackElo "2416"]
[PlyCount "80"]
[EventDate "2015.10.10"]
[EventType "rapid"]

1. e4 g6 2. d4 Bg7 3. Nc3 d6 4. f4 a6 5. Nf3 b5 6. Bd3 Bb7 7. e5 e6 8. a4 b4 9.
Ne4 Ne7 10. a5 Bxe4 11. Bxe4 d5 12. Bd3 Nd7 13. Bd2 c5 14. dxc5 Nc6 15. Be3 Bf8
16. c4 bxc3 17. bxc3 Bxc5 18. Nd4 Ne7 19. Qe2 O-O 20. h4 Nf5 21. Bxf5 gxf5 22.
g4 fxg4 23. Qxg4+ Kh8 24. Qh5 Qe8 25. Rg1 f6 26. Qh6 Rf7 27. exf6 Nxf6 28. Qg5
e5 29. Qxe5 Qd7 30. Ne6 Bd6 31. Qf5 Re8 32. Nd4 Rxe3+ 33. Kd1 Rxc3 34. Ra2 Rc4
35. Ne6 Rxf4 36. Qh3 Ra4 37. Nd8 Rxa2 38. Nxf7+ Qxf7 39. Qb3 Ra1+ 40. Ke2 Rxg1
0-1

[Event "World Rapid 2015"]
[Site "Berlin GER"]
[Date "2015.10.11"]
[Round "8.72"]
[White "Petursson, Margeir"]
[Black "Ben Artzi, Ido"]
[Result "0-1"]
[WhiteElo "2520"]
[BlackElo "2419"]
[PlyCount "66"]
[EventDate "2015.10.10"]
[EventType "rapid"]

1. c4 g6 2. e4 e5 3. Nf3 Bg7 4. d4 exd4 5. Nxd4 Nc6 6. Nc2 Nf6 7. Nc3 O-O 8.
Be2 d6 9. O-O Re8 10. f3 Nd7 11. Rb1 Nc5 12. Nd5 a5 13. b3 f5 14. Bb2 Bxb2 15.
Rxb2 Ne5 16. f4 Nf7 17. exf5 Bxf5 18. Nd4 c6 19. Nc3 Qf6 20. Rd2 Re3 21. Rf3
Rae8 22. Qf1 Bd3 23. Rxe3 Rxe3 24. Qf2 Qxd4 25. Nd1 Rxe2 26. Qxd4 Rxd2 27. Ne3
Ne4 28. h3 h5 29. f5 g5 30. Qa7 Re2 31. Qd4 Ne5 32. c5 h4 33. cxd6 Re1+ 0-1

[Event "World Rapid 2015"]
[Site "Berlin GER"]
[Date "2015.10.11"]
[Round "8.73"]
[White "Gutov, Andrey"]
[Black "Thornton, Giovanni Antonio"]
[Result "1-0"]
[WhiteElo "2384"]
[BlackElo "2207"]
[PlyCount "105"]
[EventDate "2015.10.10"]
[EventType "rapid"]

1. d4 Nf6 2. c4 e6 3. Nc3 Bb4 4. e3 O-O 5. Bd3 d5 6. Nf3 c5 7. O-O Nc6 8. a3
Bxc3 9. bxc3 dxc4 10. Bxc4 Qc7 11. Bd3 e5 12. Qc2 Re8 13. Nxe5 Nxe5 14. dxe5
Qxe5 15. f3 Bd7 16. a4 Rac8 17. Re1 h5 18. e4 c4 19. Bf1 Nd5 20. Bd2 Nf4 21.
Be3 Nd3 22. Red1 Be6 23. Bd4 Qa5 24. Bxd3 cxd3 25. Qxd3 Bb3 26. Rdb1 Bc4 27.
Qe3 b6 28. Qf4 Re6 29. Rb4 Rg6 30. h4 Qa6 31. Qf5 Be6 32. Qb5 Qb7 33. Qxh5 Bh3
34. Rb2 Qc6 35. Qb5 Qc7 36. h5 Bd7 37. Qe2 Rg5 38. g4 Bxg4 39. fxg4 Qf4 40. Qh2
Rxg4+ 41. Rg2 Qxe4 42. Rxg4 Qxg4+ 43. Qg2 Qxg2+ 44. Kxg2 Rc6 45. Kf3 Kh7 46.
Rg1 f6 47. Re1 Rc4 48. a5 b5 49. Ke4 a6 50. Kd3 Ra4 51. Re7 Kh6 52. Be3+ Kh7
53. h6 1-0

[Event "World Rapid 2015"]
[Site "Berlin GER"]
[Date "2015.10.11"]
[Round "8.74"]
[White "Abel, Dennes"]
[Black "Richter, Michael"]
[Result "0-1"]
[WhiteElo "2441"]
[BlackElo "2517"]
[PlyCount "120"]
[EventDate "2015.10.10"]
[EventType "rapid"]

1. d4 d5 2. Nf3 e6 3. Bg5 Be7 4. Bxe7 Qxe7 5. Nbd2 Nf6 6. e3 c5 7. c3 O-O 8.
Bd3 Nc6 9. O-O e5 10. dxe5 Nxe5 11. Nxe5 Qxe5 12. Nf3 Qe7 13. Qa4 Bg4 14. Qf4
Rad8 15. Rad1 Bh5 16. Bc2 Qd6 17. Qxd6 Rxd6 18. Rd2 Bxf3 19. gxf3 Ra6 20. Bb1
b5 21. Rfd1 g6 22. Kf1 Kg7 23. a3 Rb8 24. e4 dxe4 25. fxe4 b4 26. axb4 cxb4 27.
c4 b3 28. f3 Ra5 29. Kf2 Rc8 30. Bd3 Nd7 31. Be2 Ne5 32. Rc1 g5 33. Rd5 Rac5
34. Rxc5 Rxc5 35. Ke3 Ra5 36. Rc3 Ra4 37. Kd4 Nc6+ 38. Kc5 Nd8 39. Kb5 Ra1 40.
c5 Rh1 41. Bc4 Rxh2 42. Rxb3 Rc2 43. Rb4 a5 44. Rb3 h5 45. Bd3 Rc1 46. e5 h4
47. Bf5 Re1 48. Rd3 Rxe5 49. Rxd8 Rxf5 50. Kb6 Rxf3 51. c6 Rb3+ 52. Ka6 Rxb2
53. Rd5 Kg6 54. Rc5 Rb8 55. Rc3 g4 56. Rc5 h3 57. Rc4 f5 58. Rd4 Rc8 59. Kb7
Rxc6 60. Kxc6 h2 0-1

[Event "World Rapid 2015"]
[Site "Berlin GER"]
[Date "2015.10.11"]
[Round "8.76"]
[White "Lagunow, Raphael"]
[Black "Camacho Collados, Jose"]
[Result "1/2-1/2"]
[WhiteElo "2164"]
[BlackElo "2383"]
[PlyCount "117"]
[EventDate "2015.10.10"]
[EventType "rapid"]

1. e4 c5 2. c3 Nf6 3. e5 Nd5 4. d4 cxd4 5. Nf3 Nc6 6. Bc4 Nb6 7. Bb3 d5 8. exd6
e6 9. cxd4 Bxd6 10. O-O O-O 11. Nc3 Nd5 12. Nxd5 exd5 13. Bg5 Qd7 14. Re1 Bb4
15. Re3 Qd6 16. Ne5 Bf5 17. Nxc6 Qxc6 18. Rc1 Qg6 19. Rg3 Qe6 20. Re3 Qg6 21.
Rg3 Rfe8 22. Bd2 Qd6 23. a3 Bxd2 24. Qxd2 Rac8 25. Rgc3 Rxc3 26. Qxc3 h5 27. h3
Be4 28. Re1 Qd7 29. f3 Rc8 30. Qd2 Bg6 31. Re5 Qb5 32. Bxd5 Qb6 33. Be4 Rd8 34.
Bxg6 Qxg6 35. Re4 Qb6 36. Kh1 g6 37. b4 Qb5 38. Re7 Qd5 39. Qf4 Kg7 40. Qe5+
Qxe5 41. dxe5 Rd3 42. a4 b5 43. axb5 Rd5 44. e6 Kf6 45. Rxf7+ Kxe6 46. Rb7 Ke5
47. b6 a6 48. Re7+ Kf6 49. Ra7 Rb5 50. Rxa6 Rxb4 51. Kg1 Kf5 52. Kf2 h4 53.
Ra5+ Kf4 54. Ra2 Rxb6 55. Ra4+ Kg5 56. Rg4+ Kh5 57. Ke3 Rb3+ 58. Kf4 Rb4+ 59.
Ke3 1/2-1/2

[Event "World Rapid 2015"]
[Site "Berlin GER"]
[Date "2015.10.11"]
[Round "8.77"]
[White "Carlstedt, Jonathan"]
[Black "Zepeda, Lorena"]
[Result "1-0"]
[WhiteElo "2442"]
[BlackElo "2106"]
[PlyCount "53"]
[EventDate "2015.10.10"]
[EventType "rapid"]

1. c4 Nf6 2. g3 g6 3. Bg2 Bg7 4. Nc3 d6 5. e4 O-O 6. Nge2 c5 7. a3 Nc6 8. Rb1
a5 9. d3 Bd7 10. O-O Rb8 11. h3 Nd4 12. b4 axb4 13. axb4 Nxe2+ 14. Qxe2 b6 15.
Bd2 Ne8 16. f4 Qc8 17. Nd5 Qd8 18. bxc5 dxc5 19. e5 e6 20. Nc3 Nc7 21. Ne4 Bc6
22. Nf6+ Bxf6 23. Bxc6 Bg7 24. Bc3 Qe7 25. d4 Rfd8 26. Rfd1 cxd4 27. Bb4 1-0

[Event "World Rapid 2015"]
[Site "Berlin GER"]
[Date "2015.10.11"]
[Round "8.78"]
[White "Thiede, Lars"]
[Black "Hilverda, Alexander"]
[Result "1-0"]
[WhiteElo "2437"]
[BlackElo "2384"]
[PlyCount "81"]
[EventDate "2015.10.10"]
[EventType "rapid"]

1. c4 c6 2. Nf3 d5 3. g3 Nf6 4. Bg2 dxc4 5. O-O Nbd7 6. Na3 Nb6 7. Qc2 Be6 8.
Ng5 Bg4 9. Nxc4 Bxe2 10. Ne5 Bh5 11. Re1 h6 12. Nh3 e6 13. Nf4 Bd6 14. Nxh5
Nxh5 15. Ng6 Rg8 16. d4 Nf6 17. Ne5 Qc7 18. Bh3 Bxe5 19. dxe5 Nfd5 20. Bd2 Nd7
21. Qe4 O-O-O 22. b4 Ne7 23. Bc3 Nb6 24. a4 g5 25. Rec1 h5 26. b5 Nbd5 27. Bd4
Qa5 28. Bc5 Rd7 29. Bd6 Kd8 30. Qh7 g4 31. Bf1 Rf8 32. bxc6 Rxd6 33. c7+ Kd7
34. exd6 Nc6 35. Qg7 Rc8 36. Qxf7+ Kxd6 37. Qxh5 Ne5 38. Bg2 Rxc7 39. Re1 Qc3
40. Rad1 Rc5 41. Qe8 1-0

[Event "World Rapid 2015"]
[Site "Berlin GER"]
[Date "2015.10.11"]
[Round "8.79"]
[White "Choukri, Adel"]
[Black "Osmanodja, Filiz"]
[Result "0-1"]
[WhiteElo "2199"]
[BlackElo "2291"]
[PlyCount "66"]
[EventDate "2015.10.10"]
[EventType "rapid"]

1. Nf3 Nf6 2. g3 b5 3. Bg2 Bb7 4. O-O e6 5. d3 d5 6. Nbd2 c5 7. b3 Be7 8. Bb2
O-O 9. Re1 Nfd7 10. e4 Nc6 11. a4 a6 12. exd5 exd5 13. h4 Bf6 14. Bxf6 Qxf6 15.
c4 bxc4 16. dxc4 d4 17. Ne4 Qg6 18. Bh3 f5 19. Neg5 Rae8 20. Bg2 Nb4 21. Qd2 h6
22. Nh3 Be4 23. Nf4 Qd6 24. Rac1 Nf6 25. Ng6 Rf7 26. Nfe5 Rxe5 27. Nxe5 Qxe5
28. f3 Qxg3 29. fxe4 Ng4 30. e5 f4 31. e6 Re7 32. Qe2 Qh2+ 33. Kf1 Ne3+ 0-1

[Event "World Rapid 2015"]
[Site "Berlin GER"]
[Date "2015.10.11"]
[Round "9.4"]
[White "Bocharov, Dmitry"]
[Black "Zhigalko, Sergei"]
[Result "0-1"]
[WhiteElo "2560"]
[BlackElo "2656"]
[PlyCount "76"]
[EventDate "2015.10.10"]
[EventType "rapid"]

1. Nf3 Nf6 2. g3 d5 3. Bg2 c6 4. O-O Bf5 5. c4 e6 6. cxd5 exd5 7. d3 Be7 8. Qb3
Qc8 9. Nc3 Nbd7 10. Re1 Nc5 11. Qc2 h6 12. e4 dxe4 13. dxe4 Bh7 14. Nd4 O-O 15.
Nf5 Bxf5 16. exf5 Bd6 17. Be3 Re8 18. Rac1 Ncd7 19. Red1 Be5 20. b4 Ng4 21. Bd4
Ndf6 22. b5 Bxd4 23. Rxd4 cxb5 24. h3 Ne5 25. Nxb5 Nf3+ 26. Bxf3 Re1+ 27. Rxe1
Qxc2 28. a4 a6 29. Bxb7 Rb8 30. Nd6 Qb2 31. Red1 Rxb7 32. Nxb7 Qxb7 33. Rd8+
Kh7 34. Rf8 Nd5 35. Rd8 Nc3 36. Re1 Qf3 37. Re3 Ne2+ 38. Kf1 Nxg3+ 0-1

[Event "World Rapid 2015"]
[Site "Berlin GER"]
[Date "2015.10.11"]
[Round "9.25"]
[White "Bachmann, Axel"]
[Black "Ragger, Markus"]
[Result "1/2-1/2"]
[WhiteElo "2593"]
[BlackElo "2698"]
[PlyCount "65"]
[EventDate "2015.10.10"]
[EventType "rapid"]

1. e4 e5 2. Nc3 Nf6 3. g3 Nc6 4. Bg2 Bc5 5. d3 a6 6. Nge2 d6 7. O-O Be6 8. Nd5
Nd4 9. Nxd4 Bxd4 10. c3 Ba7 11. d4 c6 12. Nxf6+ Qxf6 13. Be3 O-O 14. f4 exd4
15. cxd4 Rfe8 16. Qd2 Bd5 17. e5 Qe6 18. f5 Qd7 19. Bxd5 cxd5 20. exd6 Qxd6 21.
f6 Re6 22. fxg7 Rae8 23. Rf3 Qe7 24. Bf2 Re2 25. Qf4 Kxg7 26. Rf1 Qe6 27. Qg5+
Kh8 28. Rf6 Qe7 29. Qf5 Kg7 30. Qg4+ Kh8 31. Qf5 Kg7 32. Qg4+ Kh8 33. Qf5
1/2-1/2

[Event "World Rapid 2015"]
[Site "Berlin GER"]
[Date "2015.10.11"]
[Round "9.26"]
[White "Socko, Bartosz"]
[Black "Iturrizaga Bonelli, Eduardo"]
[Result "1/2-1/2"]
[WhiteElo "2599"]
[BlackElo "2641"]
[PlyCount "48"]
[EventDate "2015.10.10"]
[EventType "rapid"]

1. e4 c5 2. Nf3 g6 3. d4 cxd4 4. Nxd4 Nc6 5. c4 Bg7 6. Be3 Nf6 7. Nc3 O-O 8.
Be2 d6 9. O-O Bd7 10. f3 Nxd4 11. Bxd4 a5 12. Rc1 Bc6 13. Kh1 Nd7 14. f4 e5 15.
Bg1 Nc5 16. Bxc5 dxc5 17. f5 Bh6 18. Rb1 Qh4 19. Qd3 Rad8 20. Nd5 Bxd5 21. cxd5
c4 22. Qf3 gxf5 23. Qxf5 Bf4 24. Qg4+ Qxg4 1/2-1/2

[Event "World Rapid 2015"]
[Site "Berlin GER"]
[Date "2015.10.11"]
[Round "9.27"]
[White "Sasikiran, Krishnan"]
[Black "Savchenko, Boris"]
[Result "0-1"]
[WhiteElo "2639"]
[BlackElo "2567"]
[PlyCount "74"]
[EventDate "2015.10.10"]
[EventType "rapid"]

1. d4 e6 2. c4 Nf6 3. Nf3 c5 4. d5 b5 5. Bg5 b4 6. Nbd2 Be7 7. e4 d6 8. Bd3 O-O
9. O-O a5 10. Be3 Ng4 11. Bf4 e5 12. Bg3 g6 13. h3 Nh6 14. Nh2 f5 15. f4 exf4
16. Bxf4 g5 17. e5 gxf4 18. e6 Bf6 19. Rb1 Bd4+ 20. Kh1 Qf6 21. Rxf4 Bxb2 22.
Ne4 Qg7 23. Nxd6 Be5 24. Nxf5 Nxf5 25. Rxf5 Rxf5 26. Bxf5 Bxh2 27. Qh5 Bd6 28.
Bxh7+ Qxh7 29. Qe8+ Kg7 30. Rf1 Ra7 31. e7 Rxe7 32. Qf8+ Kg6 33. Rf6+ Kh5 34.
Rxd6 Bxh3 35. Kh2 Bxg2 36. Qf4 Re2 37. Rf6 Bxd5+ 0-1

[Event "World Rapid 2015"]
[Site "Berlin GER"]
[Date "2015.10.11"]
[Round "9.29"]
[White "Nikolic, Predrag"]
[Black "Navara, David"]
[Result "0-1"]
[WhiteElo "2603"]
[BlackElo "2734"]
[PlyCount "110"]
[EventDate "2015.10.10"]
[EventType "rapid"]

1. d4 Nf6 2. Nf3 e6 3. c4 b6 4. g3 Ba6 5. Qa4 Bb7 6. Bg2 c5 7. O-O cxd4 8. Nxd4
Bxg2 9. Kxg2 Qc8 10. Rd1 Qb7+ 11. f3 Bc5 12. Nc3 O-O 13. Bg5 Ng4 14. Ne4 h6 15.
Bc1 Be7 16. Nb5 Ne5 17. Bf4 Ng6 18. Bd6 a6 19. Nbc3 Nc6 20. Bxe7 Ngxe7 21. Nd6
Qc7 22. Rac1 Ne5 23. Nce4 f5 24. Nf2 N7c6 25. Qa3 Nf7 26. c5 bxc5 27. Qxc5 Rab8
28. b3 Rfd8 29. Nxf7 Kxf7 30. e4 Rb5 31. Qc3 Kg8 32. exf5 Rxf5 33. Ne4 Rdf8 34.
f4 e5 35. Nd6 R5f6 36. Qxe5 Re6 37. Qd5 Kh8 38. Rd2 Re7 39. Rcd1 Nb4 40. Qc4
Qa5 41. Qc3 Qh5 42. Qf3 Qc5 43. Ne4 Qc7 44. Nc3 Rfe8 45. Nd5 Nxd5 46. Qxd5 Re2+
47. Kh3 d6 48. Rxe2 Qc8+ 49. Re6 Rxe6 50. Rc1 Qe8 51. Rc7 Re5 52. Qf3 Qe6+ 53.
Kg2 Re2+ 54. Kf1 Rxa2 55. f5 Qf6 0-1

[Event "World Rapid 2015"]
[Site "Berlin GER"]
[Date "2015.10.11"]
[Round "9.30"]
[White "Perunovic, Milos"]
[Black "Vitiugov, Nikita"]
[Result "1-0"]
[WhiteElo "2622"]
[BlackElo "2725"]
[PlyCount "81"]
[EventDate "2015.10.10"]
[EventType "rapid"]

1. e4 c5 2. Nf3 e6 3. d4 cxd4 4. Nxd4 a6 5. c4 Nf6 6. Nc3 Qc7 7. Be2 b6 8. f4
d6 9. O-O Bb7 10. f5 e5 11. Nc2 Nbd7 12. Ne3 Rc8 13. Ned5 Nxd5 14. Nxd5 Bxd5
15. cxd5 Qc5+ 16. Kh1 b5 17. Bd2 Qd4 18. a4 Rb8 19. axb5 axb5 20. Ra5 Qxb2 21.
Rf3 Qd4 22. Rxb5 Ra8 23. Rb4 Qa1 24. Rb1 Qd4 25. Bb5 Be7 26. Qc2 O-O 27. Be3
Rac8 28. Qxc8 Qxe4 29. Qc1 Nf6 30. Bg5 Qxd5 31. Bxf6 Bxf6 32. Qc4 Qd2 33. Bc6
e4 34. Bxe4 Be5 35. Bd5 Qh6 36. Bxf7+ Kh8 37. Rh3 Qg5 38. Bg6 h6 39. Rhb3 d5
40. Qxd5 Qf4 41. g3 1-0

[Event "World Rapid 2015"]
[Site "Berlin GER"]
[Date "2015.10.11"]
[Round "9.32"]
[White "Agdestein, Simen"]
[Black "Zvjaginsev, Vadim"]
[Result "0-1"]
[WhiteElo "2606"]
[BlackElo "2660"]
[PlyCount "94"]
[EventDate "2015.10.10"]
[EventType "rapid"]

1. d4 Nf6 2. c4 e6 3. Nf3 d5 4. Nc3 Nbd7 5. Bg5 Be7 6. e3 h6 7. Bh4 O-O 8. Rc1
c6 9. Bd3 a6 10. cxd5 exd5 11. O-O Ne4 12. Bxe4 Bxh4 13. Nxh4 Qxh4 14. Bb1 Re8
15. Qd3 Nf8 16. b4 Qe7 17. a3 a5 18. b5 Qxa3 19. Bc2 Bd7 20. b6 Bf5 21. Qd2
Bxc2 22. Qxc2 a4 23. Rb1 Nd7 24. Rb2 Ra6 25. Rfb1 Rea8 26. Rb4 Ra5 27. Qd2 Nf6
28. f3 Rc8 29. R1b2 c5 30. Nb1 Qxb4 31. Rxb4 cxb4 32. Qxb4 Ra6 33. Na3 Rc6 34.
Qe7 Rcxb6 35. Qd8+ Kh7 36. Qe7 Rb3 37. h4 Rc6 38. Kf2 Rcc3 39. Qxf7 Rxa3 40.
Qxb7 Rab3 41. Qa8 a3 42. g4 Rxe3 43. g5 Rxf3+ 44. Ke2 Rfe3+ 45. Kf1 Rb1+ 46.
Kg2 Rb2+ 47. Kf1 Rc3 0-1